000 00668cam a22002291 4500
001 sa 65006577
003 DLC
005 20260227112143.0
008 870821s1964 ii br 000 0 eng
010 _asa 65006577
025 _aPL480:I-E-4207
035 _a(OCoLC)16518728
040 _aDLC
_cWaU
_dDLC
042 _apremarc
050 0 0 _aL961.I4
_bS3
100 1 _aSahni, A. K.
245 1 0 _aOne thousand professions & one million jobs
_c[by] A.K. Sahni.
260 _aNew Delhi,
_bParent Teacher Association of India
_c[1964?]
300 _aiv, 240 p.
_c22 cm.
504 _aBibliography: p. 238.
650 0 _aUniversities and colleges
_zIndia
_vDirectories.
999 _c64726
_d64726